Doogie Howser M.D. newspaper headlines Quiz Stats

 Plays Quiz not verified by Sporcle

Also try: TV Debuts: 1996
Challenge
Share
Tweet
Embed
Score 0/5 Timer 05:00
0 Plays Today
Newspaper Headline % Correct
Hint: testSix Year Old Scores Perfect on S.A.T.s
70%
Hint: college Princeton Graduates 10 Year Old Prodigy
70%
Hint: mallKid Doctor Delivers Baby in Shopping Mall
70%
Hint: kid doctor14 Year Old Passes Medical Board- Kid Doctor Can't Buy Beer... Can Prescribe Drugs
60%
Hint: high schoolWhiz Kid Breezes Thru High School in 9 Weeks
40%

You're not logged in!

Compare scores with friends on all Sporcle quizzes.
OR
Log In

You Might Also Like...

Show Comments

Extras

Top Quizzes Today


Score Distribution

Your Account Isn't Verified!

In order to create a playlist on Sporcle, you need to verify the email address you used during registration. Go to your Sporcle Settings to finish the process.

Report this User

Report this user for behavior that violates our Community Guidelines.

Details: